[Event "Alcorcon Diagonal op 2nd"]
[Site "Alcorcon"]
[Date "2023.12.26"]
[Round "1"]
[White "Mata Medina, Andres"]
[Black "Munoz Xu, Lain"]
[Result "1/2-1/2"]
[WhiteElo "1754"]
[BlackElo "1182"]
[PlyCount "129"]
[EventDate "2023.12.26"]
[EventType "swiss"]
[EventRounds "9"]
[EventCountry "ESP"]
[SourceTitle "CB01_2024"]
[SourceDate "2024.01.03"]
[SourceVersion "1"]
[SourceVersionDate "2024.01.03"]
[SourceQuality "1"]

1. d4 d5 2. c4 dxc4 3. e3 Nf6 4. Bxc4 e5 5. Qb3 Qd7 6. dxe5 Ng4 7. Nf3 Nc6 8. 0-0 Ncxe5 9. Nxe5 Nxe5 10. Rd1 Bd6 11. f4 Nxc4 12. Qxc4 0-0 13. Nc3 Qe6 14. Qxe6 Bxe6 15. Nb5 Rad8 16. Nxd6 Rxd6 17. Rxd6 cxd6 18. b3 d5 19. Bb2 Bf5 20. Rd1 Be4 21. Rc1 f5 22. Rc7 Rf7 23. Rc8+ Rf8 24. Rc1 Rf7 25. Ba3 h6 26. Bc5 Rc7 27. Ba3 Rxc1+ 28. Bxc1 g5 29. Kf2 Kf7 30. g3 g4 31. Ke2 Ke6 32. Kd2 Kd6 33. Kc3 a5 34. Ba3+ Ke6 35. Bf8 h5 36. a4 b6 37. Bg7 Kd6 38. Be5+ Kc5 39. Bg7 Kd6 40. Bf8+ Ke6 41. b4 axb4+ 42. Kxb4 Kd7 43. Kc3 Ke6 44. Bg7 Kd6 45. Bf6 Kc5 46. Be7+ Kc6 47. Kd4 Kd7 48. Bf6 Ke6 49. Bg7 Bc2 50. Be5 Bxa4 51. Bc7 b5 52. Ba5 Kd6 53. Bb4+ Ke6 54. Kc5 Bc2 55. Kxb5 Be4 56. Kc5 Bf3 57. Bc3 Be4 58. Bd4 Bf3 59. Kc6 Kf7 60. Kd7 Kg6 61. Ke6 Be4 62. Ke7 Bf3 63. Kf8 Be4 64. Kg8 Bf3 65. Be5 1/2-1/2

[Event "Madrid-ch Previa B"]
[Site "Madrid"]
[Date "2023.02.17"]
[Round "6.18"]
[White "Vaqueiro Vaqueiro, Alejandro"]
[Black "Mata Medina, Andres"]
[Result "0-1"]
[WhiteElo "1362"]
[BlackElo "1581"]
[PlyCount "68"]
[EventDate "2023.02.02"]
[EventType "swiss"]
[EventRounds "9"]
[EventCountry "ESP"]
[SourceTitle "EXT 2024"]
[Source "ChessBase"]
[SourceDate "2023.10.10"]
[SourceVersion "1"]
[SourceVersionDate "2023.10.10"]
[SourceQuality "1"]

1. e4 c5 2. Nc3 d6 3. f4 g6 4. Nf3 Bg7 5. Bc4 e6 6. 0-0 Ne7 7. d3 Nbc6 8. Qe1 0-0 9. Bb3 Rb8 10. Qh4 b5 11. f5 exf5 12. Bg5 Qc7 13. Nd5 Nxd5 14. Bxd5 Nb4 15. Bb3 c4 16. dxc4 bxc4 17. Ba4 Qa5 18. b3 fxe4 19. Nd2 Nxc2 20. Nxe4 f5 21. Rac1 fxe4 22. Rxf8+ Bxf8 23. Rxc2 c3 24. Bf6 Qd5 25. Qe1 Bb7 26. Bxc3 e3 27. Qxe3 Qd1+ 28. Qe1 Qxe1+ 29. Bxe1 Be4 30. Rc7 d5 31. Bd7 Kf7 32. Rxa7 Bc5+ 33. Bf2 Bxa7 34. Bxa7 Rb7 0-1

[Event "Madrid-ch Previa B"]
[Site "Madrid"]
[Date "2023.02.10"]
[Round "4.12"]
[White "Mata Medina, Andres"]
[Black "Martin Hernandez, Vicente"]
[Result "0-1"]
[WhiteElo "1581"]
[BlackElo "1771"]
[PlyCount "48"]
[EventDate "2023.02.02"]
[EventType "swiss"]
[EventRounds "9"]
[EventCountry "ESP"]
[SourceTitle "EXT 2024"]
[Source "ChessBase"]
[SourceDate "2023.10.10"]
[SourceVersion "1"]
[SourceVersionDate "2023.10.10"]
[SourceQuality "1"]

1. d4 d5 2. c4 e6 3. Nc3 Nf6 4. Nf3 Nbd7 5. Bg5 c6 6. e3 Qa5 7. Nd2 Bb4 8. Qc2 0-0 9. Be2 dxc4 10. Bxf6 Nxf6 11. Nxc4 Qg5 12. 0-0-0 Bxc3 13. bxc3 Qd5 14. Bd3 h6 15. e4 Qd8 16. Rhg1 c5 17. e5 Nd5 18. dxc5 Qc7 19. g4 Qxc5 20. g5 h5 21. g6 f6 22. Be2 b5 23. Nd6 Nxc3 24. Nf7 Nxe2+ 0-1

[Event "Madrid Alcorcon op 1st"]
[Site "Madrid"]
[Date "2022.12.27"]
[Round "4"]
[White "Mata Medina, Andres"]
[Black "Iglesias Montes, Lucas"]
[Result "1-0"]
[WhiteElo "1574"]
[BlackElo "1050"]
[PlyCount "91"]
[EventDate "2022.12.26"]
[EventType "swiss"]
[EventRounds "9"]
[EventCountry "ESP"]
[SourceTitle "CBM 212 Extra"]
[Source "ChessBase"]
[SourceDate "2023.03.31"]
[SourceVersion "1"]
[SourceVersionDate "2023.03.31"]
[SourceQuality "1"]

1. d4 d5 2. c4 e6 3. Nf3 Nf6 4. Nc3 Bb4 5. Bd2 0-0 6. e3 Nbd7 7. cxd5 exd5 8. Bd3 Re8 9. 0-0 c6 10. a3 Bd6 11. b4 Ne4 12. Qc2 Ndf6 13. b5 Nxc3 14. Bxc3 Bd7 15. bxc6 Bxc6 16. Bb4 a5 17. Bxd6 Qxd6 18. Rfc1 Rec8 19. Qc5 Qd7 20. Ne5 Qc7 21. Bf5 Rcb8 22. Nxc6 bxc6 23. Qxc6 Qxc6 24. Rxc6 g6 25. Rxf6 gxf5 26. Rxf5 Rb5 27. a4 Rb4 28. Rxd5 Rab8 29. g4 Ra8 30. Rb5 Rc4 31. Kg2 Kg7 32. Kf3 Kf6 33. h4 Re8 34. Rxa5 Rb4 35. Rf5+ Kg7 36. a5 Rbb8 37. a6 Ra8 38. Rc5 Kg6 39. Rc6+ Kg7 40. d5 Red8 41. e4 f6 42. Rc7+ Kg6 43. a7 h6 44. Rb1 Re8 45. Rbb7 Red8 46. Rg7# 1-0

[Event "Madrid Alcorcon op 1st"]
[Site "Madrid"]
[Date "2022.12.26"]
[Round "2"]
[White "Mata Medina, Andres"]
[Black "Perea Fruet, Alba"]
[Result "0-1"]
[WhiteElo "1574"]
[BlackElo "1095"]
[PlyCount "134"]
[EventDate "2022.12.26"]
[EventType "swiss"]
[EventRounds "9"]
[EventCountry "ESP"]
[SourceTitle "CBM 212 Extra"]
[Source "ChessBase"]
[SourceDate "2023.03.31"]
[SourceVersion "1"]
[SourceVersionDate "2023.03.31"]
[SourceQuality "1"]

1. d4 Nf6 2. c4 e6 3. Nf3 Be7 4. Nc3 0-0 5. e4 b6 6. e5 Ne8 7. d5 Bb7 8. Be2 g6 9. Bh6 Ng7 10. d6 cxd6 11. exd6 Bf6 12. Rc1 Nc6 13. a3 Re8 14. b4 Nf5 15. Bf4 Ncd4 16. Nxd4 Nxd4 17. 0-0 Nxe2+ 18. Qxe2 Bg7 19. Nb5 Rc8 20. Nxa7 Ra8 21. Nb5 Rb8 22. Nc7 Rf8 23. c5 bxc5 24. Rxc5 Qh4 25. Bg5 Qe4 26. Qxe4 Bxe4 27. Be7 Rfc8 28. Rfc1 Bb2 29. R1c4 Bd3 30. Rh4 Bxa3 31. Rc3 Bxb4 32. Rxd3 Bxd6 33. g3 Bxe7 34. Rc4 d5 35. Rcc3 Bd6 36. Nb5 Rxc3 37. Nxc3 f5 38. Ne2 Kf7 39. Nd4 Kf6 40. f4 Bc5 41. Kg2 Bxd4 42. Rxd4 Rd8 43. Kf3 e5 44. fxe5+ Kxe5 45. Ra4 h5 46. h4 Rd6 47. Ra8 Kd4 48. Rc8 Kd3 49. Rc1 Kd2 50. Ra1 d4 51. Ra2+ Kc3 52. Ke2 d3+ 53. Kd1 Rb6 54. Ra3+ Kd4 55. Ra2 Ke3 56. Ra1 Rc6 57. Ra7 Kf3 58. Rd7 Kxg3 59. Rxd3+ Kxh4 60. Ke2 g5 61. Kf2 g4 62. Kg2 f4 63. Rd2 f3+ 64. Kf2 Rf6 65. Kf1 g3 66. Kg1 f2+ 67. Kf1 g2+ 0-1

[Event "Mostoles op 11th"]
[Site "Mostoles"]
[Date "2022.07.22"]
[Round "6"]
[White "Mata Medina, Andres"]
[Black "Olmedo Aznar, Eduardo"]
[Result "0-1"]
[WhiteElo "1512"]
[BlackElo "1773"]
[PlyCount "60"]
[EventDate "2022.07.17"]
[EventType "swiss"]
[EventRounds "9"]
[EventCountry "ESP"]
[SourceTitle "EXT 2024"]
[Source "ChessBase"]
[SourceDate "2023.10.10"]
[SourceVersion "1"]
[SourceVersionDate "2023.10.10"]
[SourceQuality "1"]

1. d4 e6 2. c4 f5 3. g3 Nf6 4. Bg2 c6 5. Nf3 d5 6. cxd5 exd5 7. 0-0 Bd6 8. Nc3 0-0 9. Bg5 h6 10. Bxf6 Qxf6 11. Rb1 Qe7 12. e3 Nd7 13. Qc2 g5 14. Rfc1 Nf6 15. h4 Ne4 16. hxg5 hxg5 17. Nxe4 fxe4 18. Nh2 g4 19. Qe2 Qg5 20. b4 a6 21. a4 Bd7 22. b5 axb5 23. axb5 cxb5 24. Rxb5 Bxb5 25. Qxb5 Bxg3 26. Bxe4 Bxh2+ 27. Kh1 Qh6 28. Qxd5+ Kh8 29. Bg6 Qxg6 30. Kxh2 g3+ 0-1

[Event "Madrid-ch Previa-B"]
[Site "Madrid"]
[Date "2022.03.19"]
[Round "7"]
[White "Mata Medina, Andres"]
[Black "Orellana Barrasa, Gonzalo"]
[Result "1-0"]
[WhiteElo "1374"]
[BlackElo "1769"]
[PlyCount "61"]
[EventDate "2022.03.03"]
[EventType "swiss"]
[EventRounds "9"]
[EventCountry "ESP"]
[SourceTitle "EXT 2023"]
[Source "ChessBase"]
[SourceDate "2022.10.05"]
[SourceVersion "1"]
[SourceVersionDate "2022.10.05"]
[SourceQuality "1"]

1. d4 d5 2. e3 Bf5 3. Nf3 e6 4. c3 Nf6 5. Bd3 Bxd3 6. Qxd3 Nbd7 7. Nbd2 c5 8. 0-0 c4 9. Qc2 Bd6 10. a4 Qc7 11. e4 dxe4 12. Nxe4 Nxe4 13. Qxe4 Nf6 14. Qh4 0-0-0 15. Bg5 h6 16. Bxf6 gxf6 17. Qxf6 Rhg8 18. Ne5 Bxe5 19. Qxe5 Qc6 20. f3 Rd5 21. Qe4 Qc7 22. f4 Rg4 23. Rf3 Qb6 24. Qe2 Qc7 25. Raf1 Ra5 26. f5 e5 27. Re3 Rh4 28. g3 Rh3 29. Qg4 exd4 30. f6+ Qd7 31. Re8+ 1-0

[Event "Alcorcon Diagonal op 1st"]
[Site "Alcorcon"]
[Date "2022.02.19"]
[Round "6"]
[White "Mata Medina, Andres"]
[Black "Camarero Izquierdo, Juan Carlos"]
[Result "0-1"]
[WhiteElo "1303"]
[BlackElo "1843"]
[PlyCount "46"]
[EventDate "2022.01.15"]
[EventType "swiss"]
[EventRounds "7"]
[EventCountry "ESP"]
[SourceTitle "EXT 2023"]
[Source "ChessBase"]
[SourceDate "2022.10.05"]
[SourceVersion "1"]
[SourceVersionDate "2022.10.05"]
[SourceQuality "1"]

1. e4 c5 2. Nf3 d6 3. c3 Nf6 4. h3 Qa5 5. Bd3 b5 6. Bc2 Bb7 7. Qe2 Nbd7 8. a4 Ba6 9. e5 dxe5 10. Nxe5 b4 11. Qf3 Rc8 12. Nxd7 Nxd7 13. d3 b3 14. Bxb3 Ne5 15. Qe4 Nxd3+ 16. Kd2 c4 17. Bxc4 Bxc4 18. b4 Qg5+ 19. Kc2 Qf6 20. b5 Nxf2 21. Qb7 Qf5+ 22. Kb2 Nd3+ 23. Kc2 Nc5+ 0-1

[Event "Alcorcon Diagonal op 1st"]
[Site "Alcorcon"]
[Date "2022.02.05"]
[Round "4"]
[White "Mata Medina, Andres"]
[Black "De la Mata Rodriguez, Javier"]
[Result "1-0"]
[WhiteElo "1303"]
[BlackElo "1491"]
[PlyCount "75"]
[EventDate "2022.01.15"]
[EventType "swiss"]
[EventRounds "7"]
[EventCountry "ESP"]
[SourceTitle "EXT 2023"]
[Source "ChessBase"]
[SourceDate "2022.10.05"]
[SourceVersion "1"]
[SourceVersionDate "2022.10.05"]
[SourceQuality "1"]

1. d4 Nf6 2. c4 g6 3. Nf3 Bg7 4. Nc3 d5 5. cxd5 Nxd5 6. e4 Nxc3 7. bxc3 c5 8. Bb2 Qa5 9. Qb3 Nc6 10. d5 Nd4 11. Nxd4 cxd4 12. Qb5+ Qxb5 13. Bxb5+ Bd7 14. Bxd7+ Kxd7 15. cxd4 Rhc8 16. Kd2 Rc4 17. Kd3 b5 18. Rhc1 Rac8 19. e5 Bh6 20. Rc3 f6 21. g3 e6 22. d6 g5 23. Rac1 fxe5 24. dxe5 g4 25. Rxc4 bxc4+ 26. Rxc4 Rb8 27. Bd4 Rb7 28. Ra4 Bg7 29. Ke4 h5 30. Rxa7 Rxa7 31. Bxa7 Bh6 32. Be3 Bg7 33. a4 Bf8 34. a5 Kc6 35. Bg5 h4 36. Bxh4 Bh6 37. a6 Bf8 38. a7 1-0

[Event "Alcorcon Diagonal op 1st"]
[Site "Alcorcon"]
[Date "2022.01.29"]
[Round "3"]
[White "Lozano Argueso, Cesar"]
[Black "Mata Medina, Andres"]
[Result "1-0"]
[WhiteElo "1649"]
[BlackElo "1303"]
[PlyCount "161"]
[EventDate "2022.01.15"]
[EventType "swiss"]
[EventRounds "7"]
[EventCountry "ESP"]
[SourceTitle "EXT 2023"]
[Source "ChessBase"]
[SourceDate "2022.10.05"]
[SourceVersion "1"]
[SourceVersionDate "2022.10.05"]
[SourceQuality "1"]

1. b4 d5 2. Bb2 Nf6 3. e3 c6 4. Nf3 a5 5. a3 axb4 6. axb4 Rxa1 7. Bxa1 Bg4 8. h3 Bh5 9. Be2 e6 10. b5 cxb5 11. Bxb5+ Nc6 12. 0-0 Be7 13. d3 0-0 14. Nbd2 Qa5 15. c4 Qa3 16. Bxc6 bxc6 17. Qc2 Rb8 18. Be5 Rd8 19. Ra1 Qb4 20. Nd4 Qb7 21. Rb1 Qa6 22. Qb3 Nd7 23. Bc7 Rc8 24. Bg3 Nc5 25. Qb6 Qxb6 26. Rxb6 Nxd3 27. Nxc6 Bc5 28. cxd5 exd5 29. Rb8 Rxb8 30. Bxb8 Nb4 31. Ba7 Bd6 32. Nd4 f6 33. Nf5 Bf8 34. g4 Bg6 35. Ng3 Kf7 36. f4 Bd3 37. Kf2 Bd6 38. Nf3 Nc6 39. Bb6 g6 40. Nd4 Nxd4 41. Bxd4 Ke6 42. Kf3 f5 43. g5 Be4+ 44. Kf2 Bb4 45. h4 Ba3 46. h5 Bb4 47. h6 Bd3 48. Kf3 Be4+ 49. Ke2 Kd6 50. Kd1 Ke6 51. Kc1 Ba3+ 52. Kd2 Bb4+ 53. Bc3 Bc5 54. Ne2 Kd7 55. Nc1 Kc6 56. Nb3 Kb5 57. Na5 Kb6 58. Ke2 Ba3 59. Nb3 Bc5 60. Bd4 Bxd4 61. Nxd4 Kc7 62. Ne6+ Kd7 63. Nf8+ Ke7 64. Nxh7 Kf7 65. Nf6 Bc2 66. Nxd5 Kg8 67. Kd2 Be4 68. Nf6+ Kh8 69. Nxe4 fxe4 70. Kc3 Kh7 71. Kd4 Kg8 72. Kxe4 Kf7 73. Kd5 Kf8 74. e4 Kg8 75. e5 Kf7 76. e6+ Kg8 77. h7+ Kg7 78. e7 Kf7 79. h8Q Kxe7 80. Qf6+ Ke8 81. f5 1-0